| 000 | 00747nam a22002057a 4500 | ||
|---|---|---|---|
| 999 |
_c532830 _d532830 |
||
| 003 | NUST | ||
| 005 | 20191203143358.0 | ||
| 008 | 191203b ||||| |||| 00| 0 eng d | ||
| 038 | _aIESE | ||
| 082 |
_a363.7 _bFAR |
||
| 100 |
_aFarooq,Huma _926448 |
||
| 245 |
_aIsolation and molecular characterization of potential lambda cyhalothrin degrading bacteria _cHuma Farooq |
||
| 260 |
_aIslamabad _bIESE (SCEE) NUST _c2019 |
||
| 300 |
_a76p. _bH.B |
||
| 440 |
_aMS Environmental Science _91724 |
||
| 500 | _aThesis MS ES | ||
| 650 |
_aEnvironmental Science _91725 |
||
| 700 | _4Dr. Imran Hashmi (Supervisor) | ||
| 942 |
_2ddc _cTHE _kIESE |
||